000 01325nam0a22002771 4500
001 rc\2816772
005 20250810053211.0
035 _a(NLR Aleph) 006942486
090 _a5164881
_c5164881
100 _a20110915d1945 u y0rusy50 ca
101 0 _arus
102 _aRU
105 _aa z |||||
200 1 _aСборник арифметических задач и упражнений
_eДля 3-го класса нач. школы
_eУтв. НКП РСФСР
_fН. Н. Никитин, Г. Б. Поляк, Л. Н. Володина
210 _aМосква
_cУчпедгиз
_d1945
_gтип. № 10 Упр. изд-в и полиграфии Исполкома Ленгорсовета
215 _a150 с.
_cил., черт.
_d20 см.
700 1 _7ca
_8rus
_aНикитин
_bН. Н.
_cматематик-педагог
_f1885-1966
_gНиколай Никифорович
_9210723
_3RU\NLR\AUTH\770210779
701 1 _aВолодина
_bЛ.Н.
_gЛюдмила Николаевна
701 1 _7ca
_8rus
_aПоляк
_bГ. Б.
_f1894-
_gГригорий Борисович
_9223415
_3RU\NLR\AUTH\770223471
801 0 _aRU
_bNLR
_gpsbo
801 1 _aRU
_bELAR
_2rusmarc
852 _aNLR
_jМт10 Г-3/61
942 _cBOOK
945 _aРоссийская национальная библиотека
980 _aNB
980 _aBV